| 000 | 00693pam a2200205 a 4500 | ||
|---|---|---|---|
| 001 | 3069915 | ||
| 005 | 20241028142528.0 | ||
| 008 | 970313s1998 njua 001 0 eng | ||
| 020 | _a9780130444547 | ||
| 050 | 0 | 0 |
_aNA2714 _b.G75 1998 |
| 082 | 0 | 0 |
_a720/.22/2 _221 |
| 100 | 1 | _aGriffin, Anthony W. | |
| 245 | 1 | 0 |
_aIntroduction to architectural presentation graphics / _cAnthony W. Griffin, Victor Alvarez-Brunicardi. |
| 260 |
_aUpper Saddle River, N.J. : _bPrentice Hall, _cc1998. |
||
| 300 |
_aix, 326 p. : _bill. ; _c21 x 28 cm. |
||
| 500 | _aIncludes index. | ||
| 650 | 0 |
_aArchitecture _xDesigns and plans _xPresentation drawings. |
|
| 700 | 2 | _aAlvarez-Brunicardi, Victor. | |
| 942 |
_2lcc _cBK _n0 |
||
| 999 |
_c288 _d288 |
||